| 000 | 00547cab a2200217 4500 | ||
|---|---|---|---|
| 001 | X465 | ||
| 008 | 090401t1993 xxu||||| |||| 00| 0 eng d | ||
| 035 | _a(Sirsi) u65784 | ||
| 041 | _aeng | ||
| 100 | _aTurner, R. | ||
| 245 | _aIs that you George....? | ||
| 260 | _c1993 | ||
| 350 | _a0 | ||
| 490 |
_aChartered Quantity Surveyor _v15(6) February 1993, 26(1) |
||
| 650 |
_aInsurance _96249 |
||
| 650 | _aPROFESSIONAL INDEMNITY INSURANCE | ||
| 650 | _aQUANTITY SURVEYORS | ||
| 690 |
_aINSURANCE _96249 |
||
| 942 | _n0 | ||
| 948 | _c04/03/1997 | ||
| 999 |
_c41066 _d41066 |
||